| 000 | 00765nam a2200241 i 4500 | ||
|---|---|---|---|
| 001 | 109002 | ||
| 003 | ES-MaACL | ||
| 005 | 20230906184746.0 | ||
| 007 | t| | ||
| 008 | 061121s1969 sp r ||||1| cat d | ||
| 100 | 1 |
_aMiret i Monso, Josep. _981582 |
|
| 245 | 1 | 2 |
_aL'autoritat paterna i l'entera amb els joves / _cJosep Miret i Monso; epíleg de Carles Ulisses Moulines. |
| 250 | _a1ª ed. | ||
| 260 |
_aBarcelona : _bNova Terra, _c1969. |
||
| 300 |
_a171 p. ; _c20 cm. |
||
| 490 | 1 |
_aCol.leccio "Nadal" ; _v21 |
|
| 650 | 0 | 4 |
_aPadres e hijos. _915785 |
| 650 | 4 |
_aAdolescentes- _xEducación. _9157330 |
|
| 700 | 1 |
_aMoulines, C. Ulises. _983863 |
|
| 830 | 0 |
_aCol.leccio "Nadal" ; _v21 _9185358 |
|
| 852 |
_aES-MaACL _jC-50481 _bR.70359 |
||
| 999 |
_c109002 _d109002 |
||